| 000 | 00881nam a2200313Ia 4500 | ||
|---|---|---|---|
| 001 | Z_5188 | ||
| 003 | CHAP | ||
| 008 | 220113s2004 xx 000 0 und d | ||
| 010 | _a168248 | ||
| 020 | _a968-26-126-6 \ 0-697-12146-1 (2th ed.) | ||
| 040 | _cCHAP | ||
| 082 | _a519.5 W35 | ||
| 100 |
_aWeimer, Richard C. _9142516 |
||
| 245 |
_aEstadística / _cRichard C. Weimer; revisión Piotr Marian Wisniewski; traducción Ana Irene Ramírez Galarza |
||
| 250 | _a7a reimpresión | ||
| 260 |
_aMéxico : _bCECSA, _c2004 |
||
| 300 | _a839 p. | ||
| 500 | _aTitulo original: Statistics | ||
| 503 | _aej.1- ej.2: C/E | ||
| 650 |
_aEstadística _938241 |
||
| 700 |
_a Ramírez Galarza, Ana Irene, tr. _9142517 |
||
| 700 |
_aWisniewski, Piotr Marian, rev. _9142518 |
||
| 901 | _a519.5 W35 | ||
| 902 | _aM | ||
| 910 | _a2004 | ||
| 942 | _c1 | ||
| 942 | _cc1 | ||
| 999 |
_c168248 _d168248 |
||